US Shrinking Cities - Statistics

General Stats
  • This quiz has been taken 379 times
    367 since last reset
  • The average score is 10 of 24
Answer Stats
Lost % City % Correct
61.4 Detroit
97%
56.6 Cleveland
82%
62.7 St Louis
72%
54.8 Pittsburgh
69%
34.6 Baltimore
64%
53.4 Buffalo
64%
41.1 Cincinnati
63%
45.2 New Orleans
61%
48.0 Flint
48%
34.5 Akron
47%
36.7 Rochester
47%
46.1 Dayton
43%
37.3 Newark
38%
34.2 Syracuse
37%
55.0 Gary
35%
60.6 Youngstown
34%
37.7 Birmingham
30%
46.9 Scranton
22%
33.7 Trenton
20%
37.9 Camden
18%
37.6 Canton
18%
37.0 Wilmington
16%
38.8 Utica
11%
51.0 Niagara Falls
4%
No matching quizzes found
Score Distribution
Percent of People with Each Score
Percentile by Number Answered
Your Score History
You have not taken this quiz since the last reset